00784nam a2200157 a 450000100080000000500110000800800410001910000180006024501020007826003390018065000250051965000260054470000190057070000170058970000200060610263032025-06-02 2024 bl uuuu u01u1 u #d1 aCHEQUETTO, E. aA agricultura familiar como um dos pilares do desenvolvimento sustentavel.h[electronic resource] aIn: SEMINÁRIOS DE SUSTENTABILIDADE DA PUC-CAMPINAS, 5.; WORKSHOP INTERNACIONAL DE PESQUISA EM INDICADORES DE SUSTENTABILIDADE E GESTÃO DE RECURSOS HÍDRICOS, 7., 2023. Sustentabilidade do futuro: livro de memórias do Sustentare & WIPIS. Campinas: Pontifícia Universidade Católica de Campinas, 2024. Sustentare & WIPIS 2023.c2023 aAgricultura Familiar aDesenvolvimento Rural1 aKÜSTER, I. S.1 aRAMOS, E. P.1 aSOUZA, M. A. B.